Giáo trình điện tử công nghiệp

Saved in:
Bibliographic Details
Main Author: Vũ, Quang Hồi
Format: Book
Language:Undetermined
Published: Hà Nội Giáo dục 2004
Subjects:
Tags: Add Tag
No Tags, Be the first to tag this record!
Institutions: Trung tâm Học liệu Trường Đại học Cần Thơ
LEADER 00533nam a2200193Ia 4500
001 CTU_64036
008 210402s9999 xx 000 0 und d
020 |c 25000 
082 |a 621.381 
082 |b H452 
100 |a Vũ, Quang Hồi 
245 0 |a Giáo trình điện tử công nghiệp 
245 0 |c Vũ Quang Hồi 
260 |a Hà Nội 
260 |b Giáo dục 
260 |c 2004 
650 |a Electronic circuits 
904 |i Trọng Hải 
980 |a Trung tâm Học liệu Trường Đại học Cần Thơ